UM Logo

The practice of research in criminology and criminal justice/ (Record no. 1328)

MARC details
000 -LEADER
fixed length control field 00736nam a22001937a 4500
008 - FIXED-LENGTH DATA ELEMENTS--GENERAL INFORMATION
fixed length control field 160318b xxu||||| |||| 00| 0 eng d
020 ## - INTERNATIONAL STANDARD BOOK NUMBER
International Standard Book Number 978-1-45225819-5 (pbk.)
082 ## - DEWEY DECIMAL CLASSIFICATION NUMBER
Edition number 2014
Classification number DC 364.072
Item number B12p
100 ## - MAIN ENTRY--PERSONAL NAME
9 (RLIN) 3922
Personal name Bachman, Ronet.
245 ## - TITLE STATEMENT
Title The practice of research in criminology and criminal justice/
Statement of responsibility, etc. Ronet Bachman, Russell K. Schutt.
250 ## - EDITION STATEMENT
Edition statement 5th edition.
260 ## - PUBLICATION, DISTRIBUTION, ETC. (IMPRINT)
Place of publication, distribution, etc. Los Angeles :
Name of publisher, distributor, etc. SAGE,
Date of publication, distribution, etc. c2014.
300 ## - PHYSICAL DESCRIPTION
Extent xvii, 509 pages :
Other physical details illustrations;
Dimensions 26 cm.
500 ## - GENERAL NOTE
General note Includes bibliographical references (pages 470-485) and index.<br/>
650 #0 - SUBJECT ADDED ENTRY--TOPICAL TERM
9 (RLIN) 3925
Topical term or geographic name as entry element Criminology
General subdivision Research.
650 #0 - SUBJECT ADDED ENTRY--TOPICAL TERM
9 (RLIN) 3926
Topical term or geographic name as entry element Criminal justice, Administration of
General subdivision Research.
700 ## - ADDED ENTRY--PERSONAL NAME
9 (RLIN) 3923
Personal name Schutt, Russell K.
942 ## - ADDED ENTRY ELEMENTS (KOHA)
Source of classification or shelving scheme Dewey Decimal Classification
Koha item type Circulation
Holdings
Withdrawn status Lost status Source of classification or shelving scheme Damaged status Not for loan Collection code Home library Current library Date acquired Source of acquisition Total Checkouts Full call number Barcode Date last seen Copy number Price effective from Koha item type
    Dewey Decimal Classification     Circulation UM Digos College - LIC UM Digos College - LIC 01/21/2014 Purchased   DC 364.072 B12p 2014 22139 05/15/2025 1 03/18/2016 Circulation